[Event "Hastings Masters op 95th"]
[Site "Hastings"]
[Date "2019.12.28"]
[Round "1"]
[White "Krovvidi, Raja"]
[Black "Merriman, James"]
[Result "0-1"]
[WhiteElo "1465"]
[BlackElo "1895"]
[PlyCount "74"]
[EventDate "2019.12.28"]
[EventType "swiss"]
[EventRounds "9"]
[EventCountry "ENG"]
[SourceTitle "CBM 194 Extra"]
[Source "ChessBase"]
[SourceDate "2020.03.31"]
[SourceVersion "1"]
[SourceVersionDate "2020.03.31"]
[SourceQuality "1"]

1. e4 e6 2. d4 d5 3. Nc3 Nf6 4. exd5 exd5 5. Nf3 c6 6. Be2 Bd6 7. 0-0 0-0 8. Bd3 Bg4 9. h3 Bh5 10. g4 Bg6 11. Ne2 Qc7 12. Nh4 Be4 13. f3 Bxd3 14. Qxd3 g6 15. Ng2 Re8 16. Bf4 Rxe2 17. Qxe2 Bxf4 18. Ne1 Nbd7 19. Nd3 Re8 20. Qg2 Be3+ 21. Kh1 Bxd4 22. c3 Ne5 23. Nxe5 Bxe5 24. Rad1 Bf4 25. Rfe1 Re5 26. Rxe5 Qd6 27. Re6 Qxe6 28. Kg1 Qe5 29. Kf1 Nd7 30. Re1 Nb6 31. Qe2 Qf6 32. Qe6 Nc4 33. Qe8+ Kg7 34. Re7 Bd6 35. Rd7 Qxf3+ 36. Kg1 Bc5+ 37. Kh2 Qf2+ 0-1